000 00622nam a2200229Ia 4500
003 OSt
005 20221007065329.0
006 a|||||r|||| 00| 0
007 ta
008 221006b |||||||| |||| 00| 0 eng d
024 _a13,944
037 _cTextual
040 _aFLL
_cFLL
_beng
041 _2eng
_aeng
082 _aX:275.224.N7, L5
100 _aRao V.K.R.V. Au.
_9686858
245 0 _aPlanning for change
260 _aDelhi
_bVikas publishing house pvt. ltd. India
_c1975
300 _a339p
_ccm.
942 _hX:275.224.N7, L5
_cTEXL
_2CC
999 _c1136998
_d1136998